000
00247nam a2200097Ia 4500
008
190216s9999||||xx |||||||||||||| ||und||
100
_a
Thomas P T
245
0
_a
Vasthava Sangyakalum Bouthika Sthalangalum
260
_b
Kerala Basha Inst
942
_c
BK
999
_c
40153
_d
40153